000 00699nam a2200217Ia 4500
001 17315
003 GE_BSU
008 181216s||||||||xx |||||||||||||| ||und||
040 _cGE_BSU
080 _a821.353.1-32
100 _aინანიშვილი,რევაზ
245 _aბარისაკენ მოფრინავს ჯაფარა
245 _bმოთხრობები
245 _cრედ.:მ.ჯაფარიძე;მხატვ.:სპ.ცინცაძე
260 _aთბილისი
260 _bმერანი
260 _c1974
300 _a379გვ. ; 20სმ.
653 _aმოთხრობები
942 _cBK
999 _c50374
_d50374